000 01276nam a22003617a 4500
001 3887242
003 OSt
005 20210426120536.0
008 900112s1990 njuaf b 001 0beng
010 _a 90008040
020 _a0691067945 (acidfree paper) :
040 _aDLC
_cDLC
_dDLC
_beng
041 _aeng
043 _ae-ur-ru
_an-us---
050 0 0 _aPG3476.N3
_bZ59 1990
080 _a92
_bB-83
082 0 0 _a813/.54
_aB
_220
100 1 _aBoyd, Brian,
_d1952-
245 1 0 _aVladimir Nabokov :
_bthe Russian years /
_c/ by: Princeton University Press
260 _aPrinceton, N.J. :
_bPrinceton University Press
_cc1990.
300 _axii, 607 p., [24] p. of plates :
_bill.
_c25 cm.
365 _b25 usd
504 _aIncludes bibliographical references (p. [533]-582) and index.
600 1 0 _aNabokov, Vladimir Vladimirovich,
_d1899-1977.
650 0 _aAuthors, Russian
_y20th century
_xBiography.
650 0 _aBiography
_9237
650 0 _aAuthors, American
_y20th century
_xBiography.
653 _aბიოგრაფია
856 4 2 _3Publisher description
_uhttp://www.loc.gov/catdir/description/prin031/90008040.html
906 _a7
_bcbc
_corignew
_d1
_eocip
_f19
_gy-gencatlg
942 _2udc
_cBK
999 _c1035
_d1035